000 00769cam a2200277 a 4500
999 _c7417
_d7417
001 7417
003 BD-JhCC
005 20180210094745.0
008 860701s1987 caua b 001 0 eng
020 _a0534076262 (pbk.) :
_c$24.00 (est.)
035 _a(BD-JhCC)7417
040 _aDLC
_cDLC
_dDLC
_d(BD-JhCC)
041 _aeng
050 1 0 _aQA39.2
_b.E9396 1987
082 0 0 _a512/.1
_219
_bEWE 1987
100 1 _aEwen, Dale,
_d1941-
245 1 0 _aElementary technical mathematics /
_cDale Ewen, C. Robert Nelson.
250 _a4th ed.
260 _aBelmont, Calif. :
_bWadsworth,
_cc1987.
300 _ax, 597 p. :
_bill. ;
_c28 cm.
500 _aIncludes index.
650 0 _aMathematics.
700 1 _aNelson, C. Robert.
942 _2ddc
_cBK